|
|
|
|
| LEADER |
00000nab a2200000 ar4500 |
| 001 |
vtls008415573 |
| 003 |
SK-MaSNL |
| 005 |
20260303070010.0 |
| 008 |
051207c2005 xo mr|p|||||||000 b|slo |
| 015 |
|
|
|a SNBRB2005/12
|2 snkbucl
|
| 038 |
|
|
|a SNKBUCL
|
| 040 |
|
|
|a SNKBUCL
|b slo
|c SNKBUCL
|e AACR2
|
| 041 |
0 |
|
|a slo
|
| 044 |
|
|
|a xo
|c SK
|
| 080 |
|
|
|a 2-051
|2 UDC-MRF-SK2
|
| 080 |
|
|
|a 929 Čepeléni, Juraj
|2 UDC-MRF-SK2
|
| 100 |
1 |
|
|a Mistrík, Bystrík
|4 aut
|9 496879
|
| 245 |
1 |
0 |
|a Slovenský mučeník Juraj Čepeléni
|n I.
|c Bystrík Mistrík
|
| 300 |
|
|
|b Fotogr.
|
| 500 |
|
|
|a Dokončenie v nasledujúcom čísle
|
| 600 |
1 |
7 |
|a Čepeléni, Juraj
|d 1626-1674
|2 snkbucl
|9 1066831
|
| 773 |
0 |
|
|t Posol
|g Roč. 84, č. 11 (2005), s. 24-25
|x 0701-0192
|
| 852 |
|
|
|a SNK
|b KIS3GCP
|
| 958 |
|
|
|a BX
|
| 999 |
|
|
|c 1753549
|d 1755479
|